00722 a2200181 4500003000400000005001700004008004100021020001800062040000900080082002600089100003100115245013600146260003400282300001000316942005800326952013900384999001700523OSt20230920111046.0230919b |||||||| |||| 00| 0 eng d a9785356401044 coclc a700.4829709548bPAR/V1 aParodi, Laura Emilia99527 aThe visual world of Muslim India :b the art, culture and society of the Deccan in the early modern era /cedited by Laura E Parodi aNew Delhi:bBloomsburyc2022. a366 p 2ddccBKh700.4829709548iPAR/Vk700.4829709548mPAR/V 00102ddc40708ARTSaMESbMEScISLd2023-09-19l0o700.4829709548 PAR/Vp42491r2023-09-19 14:11:19v1999.00w2023-09-19yBKzGL47R2 c42279d42279